Pedagogické navrhovanie a kurikulárne inžinierstvo v podmienkach materskej školy

Podrobná bibliografia
Hlavný autor: Kostrub, Dušan, 1968- (Autor)
Médium: Článok
Jazyk:slovenčina
Predmet:

MARC

LEADER 00000nab a2200000 a 4500
001 vtls001511752
003 SK-MaSNL
005 20260304170312.0
008 250505|20012002xo ||||||| || 00|slo
035 |a SPKCL14079 
035 |a urn:nbn:sk:snk-ab2h1r 
035 |a (urnnbn)urn:nbn:sk:snk:ar-a02ex6 
035 |a (uuid)b9df4c04-597d-47fe-a8e5-ade7e21ffff8 
040 |a SNKBUCL  |b slo  |c SNKBUCL  |e AACR2 
041 0 |a slo 
044 |a xo  |c SK 
080 |a 371.321.2:372.3/.4  |2 1981 
100 1 |a Kostrub, Dušan,  |d 1968-  |4 aut  |9 87801 
245 1 0 |a Pedagogické navrhovanie a kurikulárne inžinierstvo v podmienkach materskej školy  |c Dušan Kostrub 
650 0 7 |a materské školy  |2 snkbucl  |9 1278 
650 0 7 |a kurikulum  |2 snkbucl  |9 68823 
773 0 |t Naša škola  |g Roč. 5, č. 8 (2001/2002), s. 6-11 
850 |a Slovenská národná knižnica 
852 |a Slovenská národná knižnica 
954 |a odborná, vedecká literatúra pôvodná (slovenská)  |2 lita 
958 |a article27 
958 |a OND 
958 |a EUIPO 
999 |c 2988087  |d 2990017